Normal view
MARC view
- INTERNATIONAL COMMITTEE OF THE RED CROSS GENEVA CONVENTIONS
Entry Topical Term
001 - CONTROL NUMBER
- control field: 58833
003 - CONTROL NUMBER IDENTIFIER
- control field: NUST
005 - DATE AND TIME OF LATEST TRANSACTION
- control field: 20210628202224.0
008 - FIXED-LENGTH DATA ELEMENTS
- fixed length control field: 210628|| aca||aabn | a|a d
040 ## - CATALOGING SOURCE
- Original cataloging agency: NUST
- Transcribing agency: NUST
150 ## - HEADING--TOPICAL TERM
- Topical term or geographic name entry element: INTERNATIONAL COMMITTEE OF THE RED CROSS GENEVA CONVENTIONS
670 ## - SOURCE DATA FOUND
- Source citation: Work cat.: (NUST): Icrc 58832, Protocols additio, resolutions of the 1974-77 diplomatic conferencenal to the geneva conventions of 12 august 1949, 1996
